000 00648nam a22002057a 4500
003 OSt
005 20181128112519.0
008 180228b xxu||||| |||| 00| 0 spa d
040 _cPJ
100 _92421
_aColombo, Carlos J.
245 1 0 _aCaducidad de instancia de pleno derecho /
_cCarlos j. Colombo.
260 _aBuenos Aires :
_bAbeledo-Perrot,
_c1962.
300 _a63 p.
_c19 cm.
490 _aMonografías Jurídicas
_v70
650 0 _aDERECHO PROCESAL
_9267
650 0 _aTERMINACION DEL PROCESO
_91934
650 0 _aCADUCIDAD DE INSTANCIA
_91935
650 0 _aCONTESTACIÓN DE LA DEMANDA
_93295
942 _2udc
_cLIB
_h347.933
_iCOL
999 _c2108
_d2108